000
00269 a2200133 4500
000
nam a22 7a 4500
100
_a
knight
110
_a
knight
245
_a
principles of immunogenetics
250
_a
latest
260
_c
2026
264
_c
2026
942
_c
BK
999
_c
394904
_d
394904